|
|
|
|
| LEADER |
01890nam a22004574a 4500 |
| 001 |
EBC3137216 |
| 003 |
MiAaPQ |
| 005 |
20200520144314.0 |
| 006 |
m o d | |
| 007 |
cr cn||||||||| |
| 008 |
040206s2004 hu sb 001 0 eng |
| 010 |
|
|
|z 2004002564
|
| 020 |
|
|
|z 9639241539 (hardbound)
|
| 035 |
|
|
|a (MiAaPQ)EBC3137216
|
| 035 |
|
|
|a (Au-PeEL)EBL3137216
|
| 035 |
|
|
|a (CaPaEBR)ebr10152478
|
| 035 |
|
|
|a (CaONFJC)MIL137696
|
| 035 |
|
|
|a (OCoLC)815571259
|
| 040 |
|
|
|a MiAaPQ
|c MiAaPQ
|d MiAaPQ
|
| 041 |
1 |
|
|a eng
|h hun
|
| 043 |
|
|
|a e-hu---
|
| 050 |
|
4 |
|a DS135.H9
|b K32513 2004
|
| 082 |
0 |
4 |
|a 940.53/18132/09439
|2 22
|
| 100 |
1 |
|
|a Kadar, Gabor.
|
| 245 |
1 |
0 |
|a Self-financing genocide
|h [electronic resource] :
|b the gold train, the Becher case and the wealth of Hungarian Jews /
|c by Gabor Kadar and Zoltan Vagi ; [translated by Eniko Koncz, Jim Tucker and Andras Kadar].
|
| 260 |
|
|
|a Budapest ;
|a New York :
|b Central European University Press,
|c 2004.
|
| 300 |
|
|
|a xxvi, 413 p.
|
| 500 |
|
|
|a "Certain parts were published in Hungarian as Aranyvonat ... by Osiris, Budapest in 2001"--T.p. verso.
|
| 504 |
|
|
|a Includes bibliographical references (p. [387]-398) and indexes.
|
| 533 |
|
|
|a Electronic reproduction. Ann Arbor, MI : ProQuest, 2015. Available via World Wide Web. Access may be limited to ProQuest affiliated libraries.
|
| 600 |
1 |
0 |
|a Becher, Kurt,
|d 1909-
|
| 650 |
|
0 |
|a Jews
|x Persecutions
|z Hungary.
|
| 650 |
|
0 |
|a Holocaust, Jewish (1939-1945)
|z Hungary.
|
| 650 |
|
0 |
|a World War, 1939-1945
|x Confiscations and contributions
|z Hungary.
|
| 650 |
|
0 |
|a Jewish property
|z Hungary.
|
| 651 |
|
0 |
|a Hungary
|x Ethnic relations.
|
| 655 |
|
4 |
|a Electronic books.
|
| 700 |
1 |
|
|a Vagi, Zoltan.
|
| 700 |
1 |
|
|a Kadar, Gabor.
|t Aranyvonat.
|
| 710 |
2 |
|
|a ProQuest (Firm)
|
| 856 |
4 |
0 |
|u https://ebookcentral.proquest.com/lib/matrademy/detail.action?docID=3137216
|z Click to View
|